Southville International School and Colleges
Your cart is empty.
  • Cart
  • Lists
    Public lists Eva Luna New books Lux_list list_1
    Your lists Log in to create your own lists
  • Log in to your account
  • Your cookies
  • Search history
Southville International School and Colleges
  • Advanced search
  • Recent comments
  • Most popular
  • Libraries

Log in to your account

Log in with GOOGLE


If you do not have an external account, but do have a local account, you can still log in:

  1. Home
  2. MARC view: The slave trade in early America /
Normal view MARC view ISBD view

The slave trade in early America / (Record no. 8578)

[ view plain ]
MARC details
000 -LEADER
fixed length control field 02210cam a22004454a 4500
001 - CONTROL NUMBER
control field 13234694
003 - CONTROL NUMBER IDENTIFIER
control field SISC
005 - DATE AND TIME OF LATEST TRANSACTION
control field 20160404094737.0
008 - FIXED-LENGTH DATA ELEMENTS--GENERAL INFORMATION
fixed length control field 030611s2004 mnua c b 001 0 eng
010 ## - LIBRARY OF CONGRESS CONTROL NUMBER
LC control number 2003012551
020 ## - INTERNATIONAL STANDARD BOOK NUMBER
International Standard Book Number 0736824650 (hardcover)
040 ## - CATALOGING SOURCE
Original cataloging agency DLC
Transcribing agency DLC
Modifying agency DLC
042 ## - AUTHENTICATION CODE
Authentication code pcc
-- lcac
043 ## - GEOGRAPHIC AREA CODE
Geographic area code n------
-- n-us---
-- f------
050 00 - LIBRARY OF CONGRESS CALL NUMBER
Classification number HT 1049
Item number .K29 2004
082 00 - DEWEY DECIMAL CLASSIFICATION NUMBER
Classification number 306.3/62/0973
100 1# - MAIN ENTRY--PERSONAL NAME
Personal name Thoennes Keller, Kristin.
9 (RLIN) 10282
245 14 - TITLE STATEMENT
Title The slave trade in early America /
Statement of responsibility, etc by Kristin Thoennes Keller ; consultant, Cynthia Neverdon-Morton.
260 ## - PUBLICATION, DISTRIBUTION, ETC. (IMPRINT)
Place of publication, distribution, etc Mankato, Minn. :
Name of publisher, distributor, etc Capstone Press,
Date of publication, distribution, etc c2004.
300 ## - PHYSICAL DESCRIPTION
Extent 48 p. :
Other physical details ill. (some col.) ;
Dimensions 23 cm.
440 #0 - SERIES STATEMENT/ADDED ENTRY--TITLE
Title Let freedom ring
9 (RLIN) 10148
504 ## - BIBLIOGRAPHY, ETC. NOTE
Bibliography, etc Includes bibliographical references (p. 45) and index.
505 0# - FORMATTED CONTENTS NOTE
Formatted contents note An introduction to the slave trade -- Slavery in Africa -- The middle passage -- Arriving in the new world -- The slave trade in early America -- The effects of the slave trade.
520 ## - SUMMARY, ETC.
Summary, etc Follows the slave trade from its beginnings in the fifteenth century to its abolishment after the Civil War, and describes slavery's impact on the people bought and sold.
650 #0 - SUBJECT ADDED ENTRY--TOPICAL TERM
Topical term or geographic name as entry element Slave trade
Geographic subdivision America
General subdivision History
Form subdivision Juvenile literature.
9 (RLIN) 10283
650 #0 - SUBJECT ADDED ENTRY--TOPICAL TERM
Topical term or geographic name as entry element Slave trade
Geographic subdivision Africa
General subdivision History
Form subdivision Juvenile literature.
9 (RLIN) 10284
650 #0 - SUBJECT ADDED ENTRY--TOPICAL TERM
Topical term or geographic name as entry element Slavery
Geographic subdivision United States
General subdivision History
Form subdivision Juvenile literature.
9 (RLIN) 10285
650 #1 - SUBJECT ADDED ENTRY--TOPICAL TERM
Topical term or geographic name as entry element Slave trade
General subdivision History.
9 (RLIN) 10286
650 #1 - SUBJECT ADDED ENTRY--TOPICAL TERM
Topical term or geographic name as entry element Slave trade
Geographic subdivision Africa
General subdivision History.
9 (RLIN) 10287
650 #1 - SUBJECT ADDED ENTRY--TOPICAL TERM
Topical term or geographic name as entry element Slavery
General subdivision History.
9 (RLIN) 10288
651 #0 - SUBJECT ADDED ENTRY--GEOGRAPHIC NAME
Geographic name United States
General subdivision History
Chronological subdivision Colonial period, ca. 1600-1775
Form subdivision Juvenile literature.
9 (RLIN) 10289
651 #1 - SUBJECT ADDED ENTRY--GEOGRAPHIC NAME
Geographic name United States
General subdivision History
Chronological subdivision Colonial period, ca. 1600-1775.
9 (RLIN) 10290
651 #1 - SUBJECT ADDED ENTRY--GEOGRAPHIC NAME
Geographic name United States
General subdivision History
Chronological subdivision 1783-1865.
9 (RLIN) 10291
856 41 - ELECTRONIC LOCATION AND ACCESS
Materials specified Table of contents
Uniform Resource Identifier <a href="http://www.loc.gov/catdir/toc/ecip044/2003012551.html">http://www.loc.gov/catdir/toc/ecip044/2003012551.html</a>
906 ## - LOCAL DATA ELEMENT F, LDF (RLIN)
a 7
b cbc
c orignew
d 1
e ecip
f 20
g y-gencatlg
942 ## - ADDED ENTRY ELEMENTS (KOHA)
Source of classification or shelving scheme Library of Congress Classification
Koha item type Books
Holdings
Withdrawn status Lost status Source of classification or shelving scheme Damaged status Home library Current library Shelving location Date acquired Total Checkouts Full call number Barcode Date last seen Copy number Price effective from Koha item type
    Library of Congress Classification   Luxembourg Library Luxembourg Library High School Section 08/14/2013   HT 1049 .K29 2004 17282 08/14/2013 1 08/14/2013 Books
    Library of Congress Classification   Luxembourg Library Luxembourg Library High School Section 08/14/2013   HT 1049 .K29 2004 17281 04/04/2016 2 08/14/2013 Books

The slave trade in early America /

APA

Thoennes Keller K., . (2004). The slave trade in early America. Mankato, Minn: Capstone Press.

Chicago

Thoennes Keller Kristin, . 2004. The slave trade in early America. Mankato, Minn: Capstone Press.

Harvard

Thoennes Keller K., . (2004). The slave trade in early America. Mankato, Minn: Capstone Press.

MLA

Thoennes Keller Kristin, . The slave trade in early America. Mankato, Minn: Capstone Press. 2004.

  • Place hold
  • Print
  • Cite
  • Add to your cart (remove)
  • Save record
    BIBTEX Dublin Core MARCXML MARC (non-Unicode/MARC-8) MARC (Unicode/UTF-8) MARC (Unicode/UTF-8, Standard) MODS (XML) RIS
  • More searches
    Search for this title in:
    Other Libraries (WorldCat) Other Databases (Google Scholar) Online Stores (Bookfinder.com) Open Library (openlibrary.org)

Exporting to Dublin Core...

SOUTHVILLE LIBRARY

Southville International School and Colleges Library

1281 Tropical Ave. Cor. Luxembourg St., BF Homes International, Las Pinas City

Tel. No. 8256374 / 252358 Loc. 117/146

Powered by Koha